00431 a2200145 4500003000500000005001700005040000900022082001000031100003200041245012600073260003600199300001500235650001600250651001900266Nust20170207171856.0 cNust a005.1 aAbbas, Syed Faisal BESE-18 aOnline Medical Advice Service (Hard / Soft-copy)cSyed Faisal Abbas, Muhammad Khaliq Ur Rehman, Muhammad Raziullah Tiwana aMCS, NUSTbRawalpindicMay 2016 aviii, 50 p aUG Projects aUG CSE Project